Offshore služby sa poskytujú aj v SR
Podstata off shore spoločností. Spoločnosť Euro Tax Group nadviazala zmluvný vzťah o obchodnom zastúpení a partnerstve so slovenskou spoločnosťou Eko Trade Servis. Výhody podnikania v daňových rajoch.
Salvato in:
| Autore principale: | |
|---|---|
| Natura: | Capitolo di libro |
| Lingua: | slovacco |
| Soggetti: | |
| Tags: |
Nessun Tag, puoi essere il primo ad aggiungerne!!
|
MARC
| LEADER | 00000naa a2200000 4500 | ||
|---|---|---|---|
| 001 | r037796 | ||
| 005 | 20230824104711.7 | ||
| 041 | 0 | |a slo | |
| 044 | |a SK | ||
| 245 | 1 | 0 | |a Offshore služby sa poskytujú aj v SR |c Mária Tolnayová |
| 520 | |a Podstata off shore spoločností. Spoločnosť Euro Tax Group nadviazala zmluvný vzťah o obchodnom zastúpení a partnerstve so slovenskou spoločnosťou Eko Trade Servis. Výhody podnikania v daňových rajoch. | ||
| 610 | 2 | 0 | |a offshore |
| 610 | 2 | 0 | |a úľavy daňové |
| 610 | 2 | 0 | |a spoločnosti off shore |
| 610 | 2 | 0 | |a Slovensko |
| 610 | 2 | 0 | |a partneri obchodní |
| 100 | 1 | |a Tolnayová, Mária | |